[Event "Spring open (woman)"]
[Site "Budapest"]
[Date "2015.04.08"]
[Round "2"]
[White "Majoros, Rozsa"]
[Black "Palocz, Katalin"]
[Result "1-0"]
[WhiteElo "1699"]
[BlackElo "1366"]
[PlyCount "145"]
[EventDate "2015.04.07"]
[EventType "swiss"]
[EventRounds "9"]
[EventCountry "HUN"]
[Source "Hun. Chess Fed."]
[SourceDate "2015.04.15"]

1. d4 Nf6 2. Nf3 e6 3. c4 Bb4+ 4. Nc3 b6 5. Bg5 c5 6. a3 Bxc3+ 7. bxc3 O-O 8.
e3 Bb7 9. Bd3 d6 10. O-O Nbd7 11. e4 h6 12. Bh4 e5 13. d5 Qc7 14. Nd2 Rfe8 15.
Be2 Nh7 16. Bg4 Ndf8 17. Qa4 Ng6 18. Bg3 Nf6 19. Bf5 Bc8 20. f4 Bd7 21. Qc2 Qc8
22. Rae1 exf4 23. Bxd7 Qxd7 24. Bxf4 Nxf4 25. Rxf4 Nh5 26. Rf2 Nf6 27. h3 Re7
28. Nf3 Rae8 29. Rfe2 Nh5 30. e5 Nf4 31. Re4 Ng6 32. exd6 Rxe4 33. Rxe4 Rxe4
34. Qxe4 Qxd6 35. Kf2 Qf6 36. Qe8+ Kh7 37. Qe3 Kg8 38. Qe8+ Kh7 39. Qe1 Kg8 40.
Qd2 Qd6 41. Qd3 Nf4 42. Qe4 Ng6 43. Qe8+ Nf8 44. Qe5 Qd8 45. d6 Ng6 46. Qd5 Nf4
47. Qc6 Ne6 48. a4 Nf8 49. Kg1 Qd7 50. Ne5 Qxc6 51. Nxc6 Nd7 52. Kf2 a5 53. Ke3
f6 54. Ke4 Kf7 55. Kd5 g5 56. Nd8+ Ke8 57. Ne6 Ne5 58. Nc7+ Kd7 59. Na8 Nd3 60.
Nxb6+ Kd8 61. Ke6 Nf4+ 62. Kxf6 Nxg2 63. Kg6 Nf4+ 64. Kxh6 Nxh3 65. Kh5 g4 66.
Kxg4 Nf2+ 67. Kf5 Nd1 68. Ke6 Nxc3 69. d7 Ne4 70. Kd5 Nf6+ 71. Kxc5 Nxd7+ 72.
Nxd7 Kxd7 73. Kb6 1-0

[Event "Spring open (woman)"]
[Site "Budapest"]
[Date "2015.04.08"]
[Round "2"]
[White "Pilmayer, Katalin Viola"]
[Black "Jurak, Miklosne"]
[Result "1-0"]
[WhiteElo "1513"]
[BlackElo "1666"]
[PlyCount "111"]
[EventDate "2015.04.07"]
[EventType "swiss"]
[EventRounds "9"]
[EventCountry "HUN"]
[Source "Hun. Chess Fed."]
[SourceDate "2015.04.15"]

1. e4 c6 2. d4 d5 3. exd5 cxd5 4. Bd3 Nc6 5. c3 g6 6. Nf3 Bg7 7. Bf4 Bg4 8. h3
Bxf3 9. Qxf3 e5 10. dxe5 Nge7 11. O-O Nxe5 12. Bb5+ N5c6 13. Re1 O-O 14. Na3 a6
15. Ba4 Qa5 16. Bb3 Rad8 17. Rad1 d4 18. Nc4 Qc5 19. Bc7 Rd7 20. Bb6 Qg5 21.
Qe4 Nf5 22. Ba4 Re7 23. Qf3 Nh4 24. Qg4 Qxg4 25. hxg4 dxc3 26. Rxe7 Nxe7 27.
bxc3 Rc8 28. Rd7 Rxc4 29. Rxe7 Rxa4 30. Re8+ Bf8 31. Bc5 Rxg4 32. Kf1 Nxg2 33.
Bxf8 h5 34. f3 Ra4 35. Kxg2 Rxa2+ 36. Kg3 Kh7 37. Re7 Kg8 38. Re8 Ra4 39. Bc5+
Kh7 40. Re7 h4+ 41. Kh3 Rf4 42. Bd4 g5 43. Rxb7 Rxf3+ 44. Kg4 Rf1 45. Kh5 g4
46. Rb8 f6 47. Rb7+ Kg8 48. Kxg4 h3 49. Kxh3 Rh1+ 50. Kg4 Rh7 51. Rb6 f5+ 52.
Kxf5 Rf7+ 53. Ke6 Rf8 54. Rxa6 Rf7 55. Ra8+ Rf8 56. Rxf8+ 1-0

[Event "Spring open (woman)"]
[Site "Budapest"]
[Date "2015.04.09"]
[Round "3"]
[White "Sedina, Elena"]
[Black "Gara, Ticia"]
[Result "1/2-1/2"]
[WhiteElo "2305"]
[BlackElo "2282"]
[PlyCount "75"]
[EventDate "2015.04.07"]
[EventType "swiss"]
[EventRounds "9"]
[EventCountry "HUN"]
[Source "Hun. Chess Fed."]
[SourceDate "2015.04.15"]

1. e4 c5 2. Nf3 d6 3. Bb5+ Bd7 4. Bxd7+ Qxd7 5. O-O Nf6 6. Re1 Nc6 7. c3 e6 8.
d4 cxd4 9. cxd4 d5 10. e5 Ne4 11. Nbd2 Nxd2 12. Bxd2 Be7 13. Rc1 O-O 14. Rc3
Rfc8 15. a3 Nd8 16. h4 Rxc3 17. Bxc3 Rc8 18. Re3 h6 19. h5 Nc6 20. Ne1 Bg5 21.
Rd3 f5 22. exf6 Bxf6 23. Nf3 Ne7 24. Nh2 Rf8 25. Bb4 Rc8 26. Ng4 Bg5 27. Ne5
Qe8 28. Bc3 Nc6 29. Ng6 Ne7 30. Ne5 Nc6 31. Ng6 Ne7 32. Ne5 Nf5 33. Qg4 Nd6 34.
Rf3 Ne4 35. Nf7 Qe7 36. Bb4 Rc1+ 37. Kh2 Qc7+ 38. g3 1/2-1/2

[Event "Spring open (woman)"]
[Site "Budapest"]
[Date "2015.04.09"]
[Round "3"]
[White "Nikolova, Adriana"]
[Black "Vajda, Szidonia"]
[Result "1/2-1/2"]
[WhiteElo "2329"]
[BlackElo "2323"]
[PlyCount "111"]
[EventDate "2015.04.07"]
[EventType "swiss"]
[EventRounds "9"]
[EventCountry "HUN"]
[Source "Hun. Chess Fed."]
[SourceDate "2015.04.15"]

1. e4 c6 2. d4 d5 3. Nd2 dxe4 4. Nxe4 Bf5 5. Ng3 Bg6 6. h4 h6 7. Nf3 Nd7 8. Bd3
Bxd3 9. Qxd3 e6 10. Bd2 Ngf6 11. O-O-O Qc7 12. Kb1 O-O-O 13. c4 c5 14. Bc3 cxd4
15. Nxd4 a6 16. Nf3 Bc5 17. Qe2 Bd6 18. Ne4 Be7 19. Nxf6 Bxf6 20. Bxf6 Nxf6 21.
Ne5 Rxd1+ 22. Rxd1 Rd8 23. f4 h5 24. b3 g6 25. g3 Qe7 26. Rxd8+ Kxd8 27. Qd2+
Ke8 28. Qd4 Nd7 29. Qa7 Qb4 30. Kc2 Ke7 31. Nxd7 Kxd7 32. a3 Qxa3 33. Qxb7+ Ke8
34. Qc8+ Ke7 35. Qc7+ Ke8 36. Qb8+ Ke7 37. Kb1 Qd6 38. Qa7+ Ke8 39. Kc2 Qa3 40.
Qa8+ Ke7 41. Qb7+ Kf6 42. Qc7 Qa2+ 43. Kc3 a5 44. Qe5+ Ke7 45. Qe3 Qa1+ 46. Kc2
Qa2+ 47. Kd1 Qb1+ 48. Ke2 Qc2+ 49. Ke1 Qb1+ 50. Kf2 Qc2+ 51. Kf3 Qd1+ 52. Kg2
Qc2+ 53. Kg1 Qb1+ 54. Kh2 Qc2+ 55. Kh1 Qb1+ 56. Kg2 1/2-1/2

[Event "Spring open (woman)"]
[Site "Budapest"]
[Date "2015.04.09"]
[Round "3"]
[White "Havanecz, Bianka"]
[Black "Terbe, Julianna"]
[Result "1/2-1/2"]
[WhiteElo "2244"]
[BlackElo "2236"]
[PlyCount "60"]
[EventDate "2015.04.07"]
[EventType "swiss"]
[EventRounds "9"]
[EventCountry "HUN"]
[Source "Hun. Chess Fed."]
[SourceDate "2015.04.15"]

1. d4 d5 2. c4 c6 3. Nf3 Nf6 4. Nc3 dxc4 5. a4 Bf5 6. Nh4 Bg4 7. h3 Bh5 8. g4
Bg6 9. Nxg6 hxg6 10. e3 e6 11. Bxc4 Bb4 12. Bd2 Nbd7 13. Bf1 e5 14. Bg2 exd4
15. exd4 O-O 16. O-O Nb6 17. Bg5 a5 18. Ne4 Nbd5 19. Qc2 Rc8 20. Rad1 Qc7 21.
Nxf6+ Nxf6 22. Qc4 Rfe8 23. Bxf6 gxf6 24. d5 cxd5 25. Qxc7 Rxc7 26. Bxd5 Re2
27. b3 b6 28. Bc4 Rc2 29. Rd8+ Kg7 30. Rfd1 Bc5 1/2-1/2

[Event "Spring open (woman)"]
[Site "Budapest"]
[Date "2015.04.09"]
[Round "3"]
[White "Rajlich, Iweta"]
[Black "Dave, Dhyani"]
[Result "1-0"]
[WhiteElo "2406"]
[BlackElo "2157"]
[PlyCount "91"]
[EventDate "2015.04.07"]
[EventType "swiss"]
[EventRounds "9"]
[EventCountry "HUN"]
[Source "Hun. Chess Fed."]
[SourceDate "2015.04.15"]

1. d4 d5 2. Nf3 Nf6 3. g3 Bf5 4. Bg2 c6 5. O-O h6 6. c4 e6 7. Nc3 Nbd7 8. Qb3
Qb6 9. c5 Qa6 10. Nh4 Bh7 11. f4 b6 12. cxb6 Qxb6 13. Qxb6 axb6 14. f5 g5 15.
fxg6 fxg6 16. e4 g5 17. exd5 cxd5 18. Nf3 Be7 19. Re1 Bf5 20. h3 Ne4 21. g4 Bh7
22. Nd2 Nxc3 23. bxc3 Kf7 24. c4 Nf6 25. Nf3 Ne4 26. Rb1 Rhb8 27. Ne5+ Ke8 28.
Nc6 Rb7 29. cxd5 exd5 30. Rb5 Rd7 31. Nxe7 Kxe7 32. Rxb6 Rd6 33. Rb3 Ke6 34.
Ba3 Rda6 35. Bc5 Kf6 36. Rb7 Bg8 37. a3 Nxc5 38. dxc5 Rxa3 39. Rb6+ Kg7 40.
Re7+ Kf8 41. Rc7 Ra1+ 42. Kh2 R1a6 43. Bf1 Ra2+ 44. Kg1 d4 45. Rf6+ Ke8 46.
Bb5+ 1-0

[Event "Spring open (woman)"]
[Site "Budapest"]
[Date "2015.04.09"]
[Round "3"]
[White "Nomin-Erdene, Davaademberel"]
[Black "Terbe, Zsuzsanna"]
[Result "0-1"]
[WhiteElo "2371"]
[BlackElo "2129"]
[PlyCount "204"]
[EventDate "2015.04.07"]
[EventType "swiss"]
[EventRounds "9"]
[EventCountry "HUN"]
[Source "Hun. Chess Fed."]
[SourceDate "2015.04.15"]

1. e4 c5 2. Nf3 Nc6 3. d4 cxd4 4. Nxd4 e5 5. Nb5 a6 6. Nd6+ Bxd6 7. Qxd6 Qe7 8.
Qd1 Nf6 9. Nc3 d6 10. Bc4 Be6 11. Bb3 O-O 12. Bg5 h6 13. Bh4 Rac8 14. O-O Rfd8
15. Bxf6 Qxf6 16. Nd5 Bxd5 17. Bxd5 Rc7 18. c3 Ne7 19. Bb3 Rcd7 20. Qg4 Qg6 21.
Qxg6 Nxg6 22. g3 Kf8 23. Rae1 Ne7 24. h4 Ng8 25. Re2 Nf6 26. Rd1 Ke7 27. f3 Ne8
28. f4 Nf6 29. Rf1 Ke8 30. a3 Re7 31. Bc2 Kf8 32. Kh2 Rde8 33. Rfe1 Nh5 34. f5
Nf6 35. Rd2 Rd8 36. Bb3 Red7 37. Kg1 Ke7 38. Ba2 Ne8 39. g4 Nf6 40. g5 Nh5 41.
Re3 Rh8 42. Rh2 Nf4 43. c4 Rc7 44. Rc3 Rcc8 45. Rb3 Rc7 46. a4 Rb8 47. Rd2 Rc6
48. Rh2 Rc7 49. Rd2 Rc6 50. a5 Rc5 51. f6+ gxf6 52. gxf6+ Kxf6 53. Rxd6+ Kg7
54. Ra3 Rc6 55. Rd2 Rg6+ 56. Kh2 Rg8 57. Rg3 Rxg3 58. Kxg3 Kf6+ 59. Kf3 Ke6 60.
c5+ Ke7 61. Bd5 Rd8 62. Ke3 Nxd5+ 63. exd5 f5 64. b4 Rd7 65. Kf3 Rd8 66. Rd1
Kf6 67. Rd2 Ke7 68. Rd1 Kf6 69. h5 Ke7 70. Rd2 Rd7 71. Ke3 Rd8 72. Rd1 Rd7 73.
Rf1 Kf6 74. c6 bxc6 75. dxc6 Rc7 76. Rc1 Ke6 77. b5 axb5 78. Rc5 Kd6 79. Rxb5
Rxc6 80. Rb8 Ra6 81. Rb5 Ke6 82. Kf3 Rc6 83. Rb8 Kd5 84. Rd8+ Rd6 85. Rf8 f4
86. Re8 Ra6 87. Rd8+ Ke6 88. Rh8 Kf5 89. Rf8+ Kg5 90. Ke4 Rxa5 91. Rf5+ Kg4 92.
Rf8 Kxh5 93. Rg8 Kh4 94. Rg1 h5 95. Rh1+ Kg5 96. Rg1+ Kf6 97. Rh1 Ra4+ 98. Kf3
Kg5 99. Rg1+ Kf5 100. Rg8 e4+ 101. Kf2 Ra2+ 102. Kf1 e3 0-1

[Event "Spring open (woman)"]
[Site "Budapest"]
[Date "2015.04.09"]
[Round "3"]
[White "Erseki, Tamara"]
[Black "Gara, Anita"]
[Result "0-1"]
[WhiteElo "1861"]
[BlackElo "2331"]
[PlyCount "76"]
[EventDate "2015.04.07"]
[EventType "swiss"]
[EventRounds "9"]
[EventCountry "HUN"]
[Source "Hun. Chess Fed."]
[SourceDate "2015.04.15"]

1. e4 c5 2. Nf3 Nc6 3. d4 cxd4 4. Nxd4 Qb6 5. Nb3 Nf6 6. Nc3 e6 7. Be3 Qc7 8.
a3 a6 9. Bd3 Be7 10. O-O d6 11. Kh1 b5 12. Qe2 Bb7 13. f3 O-O 14. Qf2 Nd7 15.
Ne2 Nce5 16. Rfd1 Rac8 17. Rac1 Nc5 18. Nxc5 dxc5 19. c4 Rfd8 20. Nf4 g5 21.
Nd5 exd5 22. cxd5 Qd6 23. Be2 Ng6 24. g3 Qe5 25. Bd3 Bd6 26. Bxc5 Bxc5 27. Rxc5
Rxc5 28. Qxc5 Qf6 29. Qf2 Rc8 30. Rf1 Ne5 31. Qd4 Kg7 32. d6 Rd8 33. Qb6 Qxd6
34. Qxb7 Qxd3 35. Kg2 Qc2+ 36. Rf2 Rd2 37. Qb6 Qxb2 38. Qe3 Rxf2+ 0-1

[Event "Spring open (woman)"]
[Site "Budapest"]
[Date "2015.04.09"]
[Round "3"]
[White "Varga, Klara"]
[Black "Majoros, Rozsa"]
[Result "1-0"]
[WhiteElo "2192"]
[BlackElo "1699"]
[PlyCount "55"]
[EventDate "2015.04.07"]
[EventType "swiss"]
[EventRounds "9"]
[EventCountry "HUN"]
[Source "Hun. Chess Fed."]
[SourceDate "2015.04.15"]

1. Nf3 Nf6 2. c4 g6 3. g3 Bg7 4. Bg2 O-O 5. O-O c5 6. Nc3 d6 7. d4 Na6 8. e4
cxd4 9. Nxd4 Nc5 10. h3 a6 11. Kh2 Qc7 12. b3 Bd7 13. Be3 h5 14. Rc1 Rac8 15.
f4 Bg4 16. Qd2 Bd7 17. Kh1 Rfd8 18. b4 Ne6 19. Nd5 Nxd5 20. cxd5 Qb8 21. dxe6
fxe6 22. f5 Bxd4 23. Bxd4 exf5 24. exf5 Bxf5 25. Qh6 Kf7 26. Rxf5+ gxf5 27.
Bd5+ Ke8 28. Qg6+ 1-0

[Event "Spring open (woman)"]
[Site "Budapest"]
[Date "2015.04.09"]
[Round "3"]
[White "Juhasz, Barbara"]
[Black "Dudas, Eszter"]
[Result "1/2-1/2"]
[WhiteElo "2139"]
[BlackElo "2187"]
[PlyCount "59"]
[EventDate "2015.04.07"]
[EventType "swiss"]
[EventRounds "9"]
[EventCountry "HUN"]
[Source "Hun. Chess Fed."]
[SourceDate "2015.04.15"]

1. e4 e6 2. d3 d5 3. Nd2 c5 4. Ngf3 Nc6 5. g3 g6 6. Bg2 Bg7 7. O-O Nge7 8. Re1
O-O 9. h4 h6 10. e5 Qc7 11. Qe2 b5 12. Nf1 Ba6 13. N1h2 Qd8 14. Ng4 Nf5 15. Bf4
Rc8 16. Qd2 Kh7 17. c3 d4 18. cxd4 Ncxd4 19. Nxd4 Qxd4 20. Be4 Rfd8 21. h5 c4
22. Rad1 c3 23. bxc3 Qxc3 24. hxg6+ fxg6 25. Bxf5 gxf5 26. Nf6+ Kg6 27. Qe2
Bxf6 28. exf6 Qxf6 29. Qxe6 Bb7 30. Rb1 1/2-1/2

[Event "Spring open (woman)"]
[Site "Budapest"]
[Date "2015.04.09"]
[Round "3"]
[White "Erdos, Boglarka"]
[Black "Pilmayer, Katalin Viola"]
[Result "1-0"]
[WhiteElo "2176"]
[BlackElo "1513"]
[PlyCount "73"]
[EventDate "2015.04.07"]
[EventType "swiss"]
[EventRounds "9"]
[EventCountry "HUN"]
[Source "Hun. Chess Fed."]
[SourceDate "2015.04.15"]

1. Nf3 Nf6 2. g3 d5 3. Bg2 e6 4. O-O c6 5. c4 Be7 6. cxd5 cxd5 7. d3 O-O 8. Nc3
Nc6 9. Bf4 a6 10. Rc1 Bd7 11. e4 dxe4 12. dxe4 Be8 13. Qe2 Qa5 14. Rfd1 Rd8 15.
Rxd8 Bxd8 16. Nd2 Nd4 17. Qd3 e5 18. Nc4 Bb5 19. Bxe5 Bxc4 20. Qxd4 Be6 21. Bd6
Bb6 22. Qb4 Qxb4 23. Bxb4 Rd8 24. h3 Rd2 25. Nd1 Re2 26. Bf3 Rxe4 27. Bxe4 Nxe4
28. Kg2 h6 29. f3 Ng5 30. h4 Nh7 31. Bc5 Bd8 32. Nc3 b6 33. Rd1 Bf6 34. Bxb6
Bxc3 35. bxc3 Bxa2 36. Rd8+ Nf8 37. Bc5 1-0

[Event "Spring open (woman)"]
[Site "Budapest"]
[Date "2015.04.09"]
[Round "3"]
[White "Jurak, Miklosne"]
[Black "Papp, Andrea"]
[Result "1-0"]
[WhiteElo "1666"]
[BlackElo "1556"]
[PlyCount "77"]
[EventDate "2015.04.07"]
[EventType "swiss"]
[EventRounds "9"]
[EventCountry "HUN"]
[Source "Hun. Chess Fed."]
[SourceDate "2015.04.15"]

1. d4 d5 2. c4 Nf6 3. Nc3 e6 4. Bg5 Be7 5. Nf3 O-O 6. e3 h6 7. Bxf6 Bxf6 8. Qb3
c6 9. a4 b6 10. cxd5 cxd5 11. Bd3 Nc6 12. O-O Rb8 13. Rac1 Bd7 14. Ne2 Qe7 15.
Bb5 Na5 16. Qd3 Rfc8 17. Bxd7 Qxd7 18. b4 Nc4 19. b5 Be7 20. Ne5 Nxe5 21. dxe5
Bc5 22. Rc4 Qc7 23. Rg4 Qxe5 24. Ng3 Rd8 25. Qd2 Rbc8 26. e4 dxe4 27. Qxh6 e3
28. Nh5 exf2+ 29. Kh1 Bd4 30. Rxg7+ Qxg7 31. Nxg7 Bxg7 32. Qf4 Rc2 33. g3 Rdd2
34. Kg2 Bd4 35. Qg4+ Kf8 36. h4 Be3 37. Qe4 Re2 38. h5 Re1 39. Qxc2 1-0

[Event "Spring open (woman)"]
[Site "Budapest"]
[Date "2015.04.09"]
[Round "3"]
[White "Palocz, Katalin"]
[Black "Demeter, Dorina"]
[Result "1/2-1/2"]
[WhiteElo "1366"]
[BlackElo "1662"]
[PlyCount "53"]
[EventDate "2015.04.07"]
[EventType "swiss"]
[EventRounds "9"]
[EventCountry "HUN"]
[Source "Hun. Chess Fed."]
[SourceDate "2015.04.15"]

1. e4 c5 2. Nf3 e6 3. c4 Nc6 4. d4 cxd4 5. Nxd4 Nf6 6. Nc3 Bb4 7. Nxc6 bxc6 8.
Bd3 Qc7 9. O-O O-O 10. Bg5 Be7 11. Rc1 d6 12. Qc2 e5 13. Rfd1 h6 14. Be3 Ng4
15. Bd2 Rb8 16. h3 Nf6 17. Be3 Be6 18. b3 Rfd8 19. Kh1 Nd7 20. Bf1 Rf8 21. Qd2
Kh7 22. Kh2 Rfd8 23. Qc2 Nc5 24. Be2 Nd7 25. Bf1 Nc5 26. Be2 Nd7 27. Bf1
1/2-1/2

[Event "Spring open (woman)"]
[Site "Budapest"]
[Date "2015.04.10"]
[Round "4"]
[White "Gara, Anita"]
[Black "Sedina, Elena"]
[Result "1/2-1/2"]
[WhiteElo "2331"]
[BlackElo "2305"]
[PlyCount "65"]
[EventDate "2015.04.07"]
[EventType "swiss"]
[EventRounds "9"]
[EventCountry "HUN"]
[Source "Hun. Chess Fed."]
[SourceDate "2015.04.15"]

1. e4 e6 2. d4 d5 3. Nd2 c5 4. Ngf3 Nf6 5. exd5 exd5 6. Bb5+ Bd7 7. Bxd7+ Nbxd7
8. O-O Be7 9. dxc5 Nxc5 10. Nd4 Qd7 11. N2b3 O-O 12. Qf3 Nce4 13. Nf5 Bd8 14.
Be3 Rc8 15. c3 Re8 16. Bd4 a6 17. Rfd1 Rc6 18. Ne3 Bc7 19. Qe2 Qd6 20. g3 Qe6
21. Bxf6 Qxf6 22. Nxd5 Qd8 23. Nxc7 Qxc7 24. Nd2 Nf6 25. Qf1 Qb6 26. Nc4 Qc5
27. Rd4 Rce6 28. Ne3 Ne4 29. Rad1 Nxf2 30. Qxf2 Rxe3 31. Rd8 Qe7 32. Rxe8+ Qxe8
33. Rd8 1/2-1/2

[Event "Spring open (woman)"]
[Site "Budapest"]
[Date "2015.04.10"]
[Round "4"]
[White "Gara, Ticia"]
[Black "Nikolova, Adriana"]
[Result "1-0"]
[WhiteElo "2282"]
[BlackElo "2329"]
[PlyCount "135"]
[EventDate "2015.04.07"]
[EventType "swiss"]
[EventRounds "9"]
[EventCountry "HUN"]
[Source "Hun. Chess Fed."]
[SourceDate "2015.04.15"]

1. e4 e5 2. Nf3 Nc6 3. Bb5 a6 4. Ba4 Nf6 5. O-O b5 6. Bb3 Bb7 7. Ng5 d5 8. exd5
Nd4 9. Re1 Bd6 10. Nc3 O-O 11. Nge4 Nxe4 12. Nxe4 f5 13. Nxd6 Qxd6 14. d3 Nxb3
15. axb3 Qxd5 16. f3 Rad8 17. Bg5 Rd7 18. Qe2 Re8 19. Be3 Rd6 20. Qf2 Qf7 21.
Bd2 Qh5 22. Re2 Rg6 23. Rf1 f4 24. Bxf4 Qf5 25. Bg3 h5 26. h4 Rge6 27. Qe3 Qg6
28. Qg5 Qxg5 29. hxg5 Kf7 30. Rfe1 Kg6 31. Rxe5 Rxe5 32. Bxe5 Kf5 33. f4 c5 34.
Kf2 g6 35. g3 Kg4 36. Re3 Re6 37. Ke2 Bd5 38. Kd2 Bf3 39. c3 Rc6 40. c4 Rc8 41.
Bd6 Rd8 42. Re6 Rg8 43. Be5 Bb7 44. Bd6 Bf3 45. Ke3 Bd1 46. b4 cxb4 47. c5 Bf3
48. Be5 Bb7 49. d4 Bc8 50. Rb6 Bf5 51. Kf2 Be4 52. Rxa6 Ra8 53. Rb6 Ra2 54. Ke3
Bf5 55. c6 Rxb2 56. d5 Rg2 57. d6 Rxg3+ 58. Kf2 h4 59. d7 Rf3+ 60. Ke2 h3 61.
d8=Q h2 62. Qd1 Bd3+ 63. Kd2 Bf1 64. c7 h1=Q 65. c8=Q+ Kg3 66. f5+ Kf2 67. Qc5+
Kg2 68. Qxf3+ 1-0

[Event "Spring open (woman)"]
[Site "Budapest"]
[Date "2015.04.10"]
[Round "4"]
[White "Terbe, Julianna"]
[Black "Rajlich, Iweta"]
[Result "0-1"]
[WhiteElo "2236"]
[BlackElo "2406"]
[PlyCount "92"]
[EventDate "2015.04.07"]
[EventType "swiss"]
[EventRounds "9"]
[EventCountry "HUN"]
[Source "Hun. Chess Fed."]
[SourceDate "2015.04.15"]

1. e4 c6 2. d4 d5 3. e5 g6 4. c3 Bg7 5. f4 f6 6. Nd2 c5 7. Ndf3 cxd4 8. cxd4
Nc6 9. Bd3 Nh6 10. h3 Bf5 11. Bxf5 Nxf5 12. Ne2 h5 13. g3 Qd7 14. Qd3 O-O-O 15.
Bd2 Kb8 16. O-O-O e6 17. Kb1 Nfe7 18. g4 hxg4 19. hxg4 f5 20. Rhg1 fxg4 21.
Rxg4 Rh3 22. Neg1 Rh1 23. Nh4 Rh8 24. Nxg6 Nxg6 25. Qxg6 Bf8 26. Bc3 Ne7 27.
Qd3 Nf5 28. Rc1 Be7 29. Rg2 Bd8 30. Rgc2 Bb6 31. Nf3 R1h3 32. Qe2 Rg3 33. Qf2
Rg4 34. Bd2 a6 35. Rg1 Rxg1+ 36. Qxg1 Qh7 37. Bc3 Rg8 38. Ng5 Qg6 39. b3 Rc8
40. Kb2 Bxd4 41. Bxd4 Rxc2+ 42. Kxc2 Nxd4+ 43. Kb2 Qc2+ 44. Ka1 Qc3+ 45. Kb1
Qd3+ 46. Kb2 Qd2+ 0-1

[Event "Spring open (woman)"]
[Site "Budapest"]
[Date "2015.04.10"]
[Round "4"]
[White "Vajda, Szidonia"]
[Black "Varga, Klara"]
[Result "1-0"]
[WhiteElo "2323"]
[BlackElo "2192"]
[PlyCount "45"]
[EventDate "2015.04.07"]
[EventType "swiss"]
[EventRounds "9"]
[EventCountry "HUN"]
[Source "Hun. Chess Fed."]
[SourceDate "2015.04.15"]

1. e4 e6 2. d4 d5 3. Nc3 Nc6 4. Nf3 Nf6 5. Bd3 Bb4 6. O-O Bxc3 7. exd5 Nxd5 8.
bxc3 Nxc3 9. Qd2 Nd5 10. Ba3 Nde7 11. Rad1 O-O 12. c4 Re8 13. Qf4 Ng6 14. Qg3
Nce7 15. h4 h6 16. h5 Nf8 17. Bc1 Nf5 18. Bxf5 exf5 19. Bxh6 Qf6 20. Bg5 Qc6
21. Bf4 Ne6 22. h6 Qe4 23. Rde1 1-0

[Event "Spring open (woman)"]
[Site "Budapest"]
[Date "2015.04.10"]
[Round "4"]
[White "Terbe, Zsuzsanna"]
[Black "Havanecz, Bianka"]
[Result "0-1"]
[WhiteElo "2129"]
[BlackElo "2244"]
[PlyCount "78"]
[EventDate "2015.04.07"]
[EventType "swiss"]
[EventRounds "9"]
[EventCountry "HUN"]
[Source "Hun. Chess Fed."]
[SourceDate "2015.04.15"]

1. e4 c5 2. c3 Nf6 3. e5 Nd5 4. Nf3 e6 5. Bc4 d6 6. O-O Be7 7. d4 cxd4 8. cxd4
Nc6 9. Bd2 Qc7 10. Qe2 dxe5 11. dxe5 O-O 12. Nc3 Nxc3 13. Bxc3 b6 14. Rac1 Bb7
15. Bd3 Rac8 16. a3 Rfd8 17. h4 Qb8 18. h5 Na5 19. Nd2 Bd5 20. b4 Nb3 21. Nxb3
Bxb3 22. Qe4 g6 23. Rfe1 Bg5 24. f4 Bd5 25. Qe3 Be7 26. Qg3 Kh8 27. Kf2 gxh5
28. Qh3 h4 29. g4 Rg8 30. g5 Rg7 31. Qxh4 Rc7 32. Re3 Qa8 33. Bb1 a5 34. Rce1
Rc4 35. Rh3 Bxg5 36. Qh5 Rxf4+ 37. Ke2 Bc4+ 38. Kd1 Qd8+ 39. Bd2 Rf2 0-1

[Event "Spring open (woman)"]
[Site "Budapest"]
[Date "2015.04.10"]
[Round "4"]
[White "Dudas, Eszter"]
[Black "Erdos, Boglarka"]
[Result "1/2-1/2"]
[WhiteElo "2187"]
[BlackElo "2176"]
[PlyCount "65"]
[EventDate "2015.04.07"]
[EventType "swiss"]
[EventRounds "9"]
[EventCountry "HUN"]
[Source "Hun. Chess Fed."]
[SourceDate "2015.04.15"]

1. e4 e5 2. Nf3 Nc6 3. Bb5 a6 4. Ba4 Nf6 5. d3 b5 6. Bb3 Bc5 7. O-O d6 8. a4
Rb8 9. axb5 axb5 10. h3 h6 11. Nc3 O-O 12. Be3 Bb6 13. Bxb6 Rxb6 14. Re1 Bb7
15. Nd5 Nxd5 16. Bxd5 Ne7 17. Bxb7 Rxb7 18. b4 Rb8 19. d4 exd4 20. Qxd4 Re8 21.
Qc3 Rb6 22. Nd4 Qb8 23. Nf5 Nxf5 24. exf5 Rxe1+ 25. Rxe1 Qd8 26. Re3 d5 27. Qd4
Rd6 28. Rg3 Qf6 29. Qa7 c6 30. Qc7 Qd8 31. Qb7 Qf6 32. Qc7 Qd8 33. Qb7 1/2-1/2

[Event "Spring open (woman)"]
[Site "Budapest"]
[Date "2015.04.10"]
[Round "4"]
[White "Dave, Dhyani"]
[Black "Juhasz, Barbara"]
[Result "1/2-1/2"]
[WhiteElo "2157"]
[BlackElo "2139"]
[PlyCount "102"]
[EventDate "2015.04.07"]
[EventType "swiss"]
[EventRounds "9"]
[EventCountry "HUN"]
[Source "Hun. Chess Fed."]
[SourceDate "2015.04.15"]

1. e4 e5 2. Nf3 Nc6 3. Bc4 Nf6 4. d3 Be7 5. O-O O-O 6. Re1 d6 7. a4 Be6 8. Bxe6
fxe6 9. c3 Nd7 10. b4 Bf6 11. Qb3 Qe7 12. Ba3 Qf7 13. Ra2 Ne7 14. d4 Ng6 15. g3
d5 16. Rae2 Rfe8 17. Nbd2 c6 18. b5 Rac8 19. Bd6 exd4 20. cxd4 Be7 21. Bxe7
Rxe7 22. h4 h6 23. bxc6 bxc6 24. a5 Rb8 25. Qc3 Rc8 26. h5 Ngf8 27. exd5 Qxh5
28. dxe6 Nf6 29. Nh4 Ng6 30. Nxg6 Qxg6 31. Nb3 Nd5 32. Qd2 h5 33. Nc5 h4 34.
Kg2 Rf8 35. Re4 hxg3 36. fxg3 Qf5 37. Kg1 Rf6 38. Qg2 Rg6 39. Re5 Qg4 40. R5e4
Qxg3 41. Qxg3 Rxg3+ 42. Kf2 Ra3 43. Rb1 Rxa5 44. Rb8+ Kh7 45. Rc8 Nf6 46. Rh4+
Kg6 47. Rxc6 Kg5 48. Rh1 Ng4+ 49. Ke2 Ra2+ 50. Kf3 Ra3+ 51. Ke2 Ra2+ 1/2-1/2

[Event "Spring open (woman)"]
[Site "Budapest"]
[Date "2015.04.10"]
[Round "4"]
[White "Jurak, Miklosne"]
[Black "Nomin-Erdene, Davaademberel"]
[Result "0-1"]
[WhiteElo "1666"]
[BlackElo "2371"]
[PlyCount "64"]
[EventDate "2015.04.07"]
[EventType "swiss"]
[EventRounds "9"]
[EventCountry "HUN"]
[Source "Hun. Chess Fed."]
[SourceDate "2015.04.15"]

1. d4 Nf6 2. c4 g6 3. Nc3 Bg7 4. Nf3 d6 5. e4 O-O 6. Be3 Nc6 7. a3 e5 8. dxe5
dxe5 9. Qxd8 Rxd8 10. Rd1 Rxd1+ 11. Kxd1 Bg4 12. Be2 Rd8+ 13. Nd2 Nd4 14. f3
Be6 15. Bxd4 exd4 16. Nd5 c6 17. Nxf6+ Bxf6 18. Bd3 a6 19. c5 Be7 20. b4 a5 21.
Kc2 b6 22. Nb3 a4 23. Nd2 bxc5 24. Rb1 cxb4 25. axb4 a3 26. Nc4 Ra8 27. Kb3 a2
28. Ra1 Rb8 29. Rxa2 Rxb4+ 30. Kc2 Bxc4 31. Ra8+ Kg7 32. Re8 Bb3+ 0-1

[Event "Spring open (woman)"]
[Site "Budapest"]
[Date "2015.04.10"]
[Round "4"]
[White "Pilmayer, Katalin Viola"]
[Black "Erseki, Tamara"]
[Result "1/2-1/2"]
[WhiteElo "1513"]
[BlackElo "1861"]
[PlyCount "40"]
[EventDate "2015.04.07"]
[EventType "swiss"]
[EventRounds "9"]
[EventCountry "HUN"]
[Source "Hun. Chess Fed."]
[SourceDate "2015.04.15"]

1. e4 c5 2. c4 e5 3. Nf3 Nc6 4. Nc3 d6 5. Be2 g6 6. d3 h6 7. O-O Bg7 8. Re1
Nge7 9. Nd5 O-O 10. Bd2 Be6 11. a3 Nd4 12. Nxd4 Bxd5 13. cxd5 cxd4 14. Qb3 Qd7
15. Rac1 g5 16. Rc2 Rac8 17. Rec1 Rxc2 18. Rxc2 f5 19. Bb4 fxe4 20. dxe4 Rc8
1/2-1/2

[Event "Spring open (woman)"]
[Site "Budapest"]
[Date "2015.04.10"]
[Round "4"]
[White "Papp, Andrea"]
[Black "Palocz, Katalin"]
[Result "1/2-1/2"]
[WhiteElo "1556"]
[BlackElo "1366"]
[PlyCount "67"]
[EventDate "2015.04.07"]
[EventType "swiss"]
[EventRounds "9"]
[EventCountry "HUN"]
[Source "Hun. Chess Fed."]
[SourceDate "2015.04.15"]

1. e4 e5 2. Nf3 Nc6 3. d4 exd4 4. Nxd4 Bc5 5. Be3 Qf6 6. c3 Nxd4 7. Bxd4 Bxd4
8. Qxd4 Qxd4 9. cxd4 Ne7 10. Nc3 c6 11. Bc4 O-O 12. O-O b6 13. Rad1 Bb7 14. f4
d5 15. exd5 cxd5 16. Bb3 Rad8 17. Rde1 Nf5 18. Ne2 Ba6 19. g4 Bxe2 20. Rxe2
Nxd4 21. Re7 Nxb3 22. axb3 a5 23. Rd1 Rd6 24. Rc1 d4 25. Kf2 d3 26. Rd1 Rc8 27.
Rd2 Kf8 28. Re3 Rc2 29. Ke1 Rc1+ 30. Kf2 Rc2 31. Ke1 Rc1+ 32. Kf2 Rc2 33. Ke1
Rc1+ 34. Kf2 1/2-1/2